000 00699nam a2200181Ia 4500
008 151202s9999||||xx |||||||||||||| ||und||
082 _bPNVM-33925
100 _aऐनापुरे अमृत वासुदेवशास्त्री
245 _aनित्योपयोगी औषधे.
260 _b---
260 _c0
300 _a0
600 _aऐनापुरे अमृत वासुदेवशास्त्री
630 _aनित्योपयोगी औषधे.
700 _aऐनापुरे अमृत वासुदेवशास्त्री
730 _aनित्योपयोगी औषधे.
942 _cBOOK
999 _c1299883
_d1299880